Normal view
MARC view
- Fortescue, J. W
Entry Personal Name
001 - CONTROL NUMBER
- control field: 49223
003 - CONTROL NUMBER IDENTIFIER
- control field: NUST
005 - DATE AND TIME OF LATEST TRANSACTION
- control field: 20210314134301.0
008 - FIXED-LENGTH DATA ELEMENTS
- fixed length control field: 210314|| aca||aabn | a|a d
040 ## - CATALOGING SOURCE
- Original cataloging agency: NUST
- Transcribing agency: NUST
100 ## - HEADING--PERSONAL NAME
- Personal name: Fortescue, J. W
670 ## - SOURCE DATA FOUND
- Source citation: Work cat.: (NUST): Fortescue, J. W., A history of the British army., 1809-1810.
